Регионална библиотека "Любен Каравелов" - Русе

Момини жалби (Запис номер 359630)

MARC детайли
000 -Лидер
Контролно поле с фиксирана дължина ncm a22 a 4500
003 - Код на организацията, давaща контролен номер
Контролно поле BLK
005 - Дата и час на последна редакция
Контролно поле 20200504124626.0
008 - Елементи от данни с фиксирана дължина
fixed length control field 200415b bu ||||| |||| 00| 0 bu d
040 ## - Източник на каталожния запис
Идентификатор на билиотеката - собственик на записа BLK
041 ## - Код за език
Код за езика на текст/звукозапис или на отделно заглавие Български
Код за езика КДБФ Български
080 ## - УДК
Текстов определител УДК Вокална музика
УДК код - определител по УДК 784
УДК - код + определител 784
080 ## - УДК
Текстов определител УДК Музика за пиано
УДК код - определител по УДК 786.2
УДК - код + определител 786.2
100 1# - Редна дума - Автор
R(LIN) 69959
Автор Златев, Георги
139 ## - Редно поле
Редна дума Златев-Черкин, Георги
Авторски знак Злате - З 72
245 ## - Сведения за заглавието
Заглавие Момини жалби
Редно поле (дума) Георги Златев - Черкин
Подзаглавни данни За висок глас и пиано
260 ## - Област на издателските данни
9 (RLIN) 209548
Място на издаване, разпространение и проч. София
Име на издателя, разпространителя и проч. Наука и изкуство
Година на издаване 1954
300 ## - Физическа характеристика
Страници 7 с.
Размери/Мащаб 30 см
380 ## - Жанр
Жанр Изкуство
650 #7 - Допълнително описание по предмет – тема
9 (RLIN) 166108
Основно описание – тема или топоним Песни
653 #7 - Ключова дума – ненормативна
9 (RLIN) 183324
Ключова дума висок глас
653 #7 - Ключова дума – ненормативна
9 (RLIN) 193730
Ключова дума пиано
700 ## - Други автори (авторска отговорност)
9 (RLIN) 1581
Лично име Ланков, Никола
Автороска отговорност (Описва отношението между автора и произведението) текст
852 ## - Местоположение
Форматна сигнатура Цб М ІІ 277
999 ## - СИСТЕМНИ КОНТРОЛНИ НОМЕРА
Koha biblionumber 359630
Koha biblioitemnumber 359630
942 ## - АРТИКУЛИ
Вид на библиотечния материал Нотни издания
Скрит в OPAC Не
Периодичен библиозапис Да
944 ## - СЪЗДАВАНЕ И РЕДАКЦИЯ на ЗАПИСА
Създаване/Редакция Създаване
Дата на регистрацията/редакция 2020-05-04
Статус, дата на статуса 2020-05-04
Служител, извършил регистрацията/редакцията Атанаска Минкова
999 ## - СИСТЕМНИ КОНТРОЛНИ НОМЕРА
Koha biblioitemnumber 354687
999 ## - СИСТЕМНИ КОНТРОЛНИ НОМЕРА
Koha biblioitemnumber 354680
999 ## - СИСТЕМНИ КОНТРОЛНИ НОМЕРА
Koha biblioitemnumber 354657
Наличности
Код за отписване Код за изгубен артикул Източник на класификационната схема Код за повреда Коз за рестрикции Код за отдаване Артикулен № Име на библиотеката - собственик Име на библиотеката, в която се намира в момента Статус (Текущо местоположение) Дата на вписване в системата Местоположение - отдел Цена в лева Инвентарен номер Систематично азбучна сигнатура Баркод Цена в евро Служебен тип на артикула
  Не е изгубен Universal Decimal Classification Не е повреден само за читалня ползва се в читалня 768343 Регионална библиотека "Любен Каравелов" Русе Регионална библиотека "Любен Каравелов" Русе Хранилище 2020-05-09 Основен фонд - ползва се само за читалня 0.52 2155/58 Цб М ІІ 277 900000007735 0.27 Нотни издания
Vip Innovations Ltd, Rousse, Bulgaria 2025